EFFECT OF DIFFEREMT RATES OF UREA FERTILIZER ON CELERY CABBAGE. ការប្រើប្រាស់កម្រិតជីអ៊ុយរ៉េខុសៗគ្នាលើដំណាំស្ពៃចង្កឹះ (Record no. 21821)

000 -LEADER
fixed length control field 00627nam a22001337a 4500
040 ## - CATALOGING SOURCE
Transcribing agency RUA
082 ## - DEWEY DECIMAL CLASSIFICATION NUMBER
Classification number AGR SEA 2020 B1.598 Or.
100 ## - MAIN ENTRY--AUTHOR NAME
Personal name SEAN SOVANVUTHY. សៀន សុវណ្ណវុទ្ធី
245 ## - TITLE STATEMENT
Title EFFECT OF DIFFEREMT RATES OF UREA FERTILIZER ON CELERY CABBAGE. ការប្រើប្រាស់កម្រិតជីអ៊ុយរ៉េខុសៗគ្នាលើដំណាំស្ពៃចង្កឹះ
260 ## - PUBLICATION, DISTRIBUTION, ETC. (IMPRINT)
Place of publication Phnom Penh
Name of publisher RUA
Year of publication 2020
300 ## - PHYSICAL DESCRIPTION
Number of Pages X.38P
Other physical details VIII.
Dimensions 29CM
856 ## - ELECTRONIC LOCATION AND ACCESS
Uniform Resource Identifier https://drive.google.com/file/d/1sGoTQbygAJ1c9ZxUp7dhj_9xYkBZwX4C/view?usp=sharing
942 ## - ADDED ENTRY ELEMENTS (KOHA)
Koha item type AGR
952 ## - LOCATION AND ITEM INFORMATION (KOHA)
Withdrawn status [LOCAL, KOHA] 0
952 ## - LOCATION AND ITEM INFORMATION (KOHA)
Withdrawn status [LOCAL, KOHA] 0
952 ## - LOCATION AND ITEM INFORMATION (KOHA)
Withdrawn status [LOCAL, KOHA] 0
952 ## - LOCATION AND ITEM INFORMATION (KOHA)
Withdrawn status [LOCAL, KOHA] 0
952 ## - LOCATION AND ITEM INFORMATION (KOHA)
Withdrawn status [LOCAL, KOHA] 0
952 ## - LOCATION AND ITEM INFORMATION (KOHA)
Withdrawn status [LOCAL, KOHA] 0
Holdings
Permanent Location Date acquired Koha item type Lost status Shelving location Barcode Current Location Full call number
Library Block B2023-09-05AGR B1.598a074271Library Block BAGR SEA 2020 B1.598 Or.
Library Block B2023-09-05AGR B1.598a074416Library Block BAGR SEA 2020 B1.598 Or.
Library Block B2023-09-05AGR B1.598a074428Library Block BAGR SEA 2020 B1.598 Or.
Library Block B2023-09-05AGR B1.598a074360Library Block BAGR SEA 2020 B1.598 Or.
Library Block B2023-09-05AGR B1.598a074472Library Block BAGR SEA 2020 B1.598 Or.
Library Block B2023-09-05AGR B1.598a074468Library Block BAGR SEA 2020 B1.598 Or.
មជ្ឈមណ្ឌលឯការនៃសាកលវិទ្យាល័យភូមិន្ទកសិកម្មចំការដូង

Powered by Koha